000 00317nam a22001457a 4500
008 230419b ||||| |||| 00| 0 eng d
020 _a2900199778552
041 _aeng
080 _a94
082 _a94FIN
100 _a28
101 _aHISTO
245 _aWORKERS ACROSS THE AMERICAS
_cFINK .L
942 _2udc
_cBK
999 _c59617
_d59617